| 000 | 00759nam a2200217 a 4500 | ||
|---|---|---|---|
| 001 | 000489599 | ||
| 003 | AM-YeHGA | ||
| 005 | 20250617134337.0 | ||
| 008 | 060522s1909 ||||||||||||||||||||rus|d | ||
| 040 | _aAM-YeHGA | ||
| 041 | 1 |
_arus _hger |
|
| 100 | 1 | _aВиндельбанд, В. | |
| 245 | 1 | 0 |
_aПлатон : _bПер. с нем. / _cВ. Виндельбанд ; Пер. с И.В. Постмана ; Под ред. К. Жакова. |
| 260 |
_aСанкт-Петербург : _bТип. А. Улыбина, _c1909. |
||
| 300 | _a174 с. | ||
| 500 | _aПер. с 4-го нем. изд. | ||
| 650 | 1 | 4 | _aФилософские науки |
| 700 | 1 |
_aПостман, И.В. _eпер. _4trl |
|
| 700 | 1 |
_aЖаков, К. _eред. _4edt |
|
| 090 | _c181755 | ||
| 999 |
_c180305 _d180305 |
||